Škála zjevné úzkosti pro děti : příručka

Saved in:
Bibliographic Details
Main Authors Fisher, Jan, 1913- (Author), Gjuričová, Šárka, 1946- (Author)
Format Book
LanguageCzech
Published Bratislava : Psychodiagnostika, s.r.o., [1974?]
Subjects
Physical Description18 stran ; 30 cm + 100 testových sešitů a 2 šablony

Cover

LEADER 00000nam a2200000 i 4500
001 115518
003 CZ-ZlUTB
005 20260429082905.0
007 ta
008 260424s1974 xo f f 000 0 cze d
020 |q (Brožováno) 
040 |a ZLD002  |b cze  |e rda 
072 7 |a 159.9  |x Psychologie  |2 Konspekt  |9 17 
080 |a 159.9.072.5  |2 MRF 
080 |a 616:159.9.072.5-053.2  |2 MRF 
080 |a 159.942  |2 MRF 
080 |a 316.346.32-053.5  |2 MRF 
080 |a (035)  |2 MRF 
080 |a (049.5)  |2 MRF 
100 1 |a Fisher, Jan,  |d 1913-  |7 nlk20000085559  |4 aut 
245 1 0 |a Škála zjevné úzkosti pro děti :  |b příručka /  |c Jan Fischer, Šárka Gjuričová 
246 1 3 |a T-112 
264 1 |a Bratislava :  |b Psychodiagnostika, s.r.o.,  |c [1974?] 
300 |a 18 stran ;  |c 30 cm +  |e 100 testových sešitů a 2 šablony 
336 |a text  |b txt  |2 rdacontent 
337 |a bez média  |b n  |2 rdamedia 
338 |a svazek  |b nc  |2 rdacarrier 
500 |a Nad názvem: T-112 
504 |a Obsahuje bibliografii 
650 0 7 |a psychodiagnostika  |7 ph115947  |2 czenas 
650 0 7 |a dětská klinická psychodiagnostika  |7 ph119717  |2 czenas 
650 0 7 |a úzkost  |7 ph128368  |2 czenas 
650 0 7 |a děti školního věku  |7 ph119714  |2 czenas 
650 0 9 |a psychodiagnostics  |2 eczenas 
650 0 9 |a anxiety  |2 eczenas 
650 0 9 |a clinical child psychodiagnostics  |2 eczenas 
650 0 9 |a school children  |2 eczenas 
655 7 |a příručky  |7 fd133209  |2 czenas 
655 7 |a dotazníky  |7 fd200805  |2 czenas 
655 9 |a handbooks and manuals  |2 eczenas 
655 9 |a questionnaires  |2 eczenas 
700 1 |a Gjuričová, Šárka,  |d 1946-  |7 jn99240000234  |4 aut 
710 2 |a Psychodiagnostika, s.r.o.  |4 isb 
910 |a ZLD002 
942 |2 udc 
952 |0 0  |1 0  |4 0  |5 0  |6 15FISHERJ  |7 0  |8 BOOK  |9 190846  |a UTBZL  |b UTBZL  |c 019  |d 2026-04-24  |h + 100 testových sešitů a 2 šablony  |l 1  |o 15/FISHER,J.  |p 420010201997  |q 2027-05-13  |r 2026-05-13 11:56:11  |s 2026-05-13  |v 930.00  |w 2026-04-24  |x N:nákup  |y 08 
992 |a BK  |b SK 
999 |c 115518  |d 115518